Ricerche di archeologia.

محفوظ في:

مؤلف مشترك: Museo regionale di Messina.

التنسيق: كتاب

اللغة: Italian

منشور في: Messina : Industria poligrafica della Sicilia, 1992.

سلاسل: Quaderni dell'Attivita Didattica del Museo Regionale di Messina ; 2.

الموضوعات:

الوسوم: إضافة وسم

لا توجد وسوم, كن أول من يضع وسما على هذه التسجيلة!

رقم الطلب: DG975 .M534 Q2 v.2

LEADER 00770namaa2200241 4500
001 12271
003 OSt
005 20250319091231.0
008 130303s1992 it abf 000 0 ita d
040 |c ARCE Library 
043 |a e-It---  
050 4 |a DG975 .M534 Q2 v.2 
110 2 |a Museo regionale di Messina. 
245 1 0 |a Ricerche di archeologia. 
264 1 |a Messina :  |b Industria poligrafica della Sicilia,   |c 1992. 
300 |a 91 pages, 41 pages of plates :  |b illustrations (some color), 1 map ;  |c 30 cm. 
490 0 |a Quaderni dell'Attivita Didattica del Museo Regionale di Messina ;   |v 2. 
555 |a .alaa-sweed 
610 2 0 |a Museo regionale di Messina. 
651 0 |a Messina (Italy)  |x Antiquities.  |9 17406 
901 |a reviewed 
942 |c BK  |2 lcc 
999 |c 10727  |d 10727